000 00729cab a2200229 4500
001 WB3147-03
008 090401t1995 xxu||||| |||| 00| 0 eng d
035 _a(Sirsi) u51354
041 _aeng
245 _aSellers put faith in the hammer
260 _c1995
350 _a0
490 _aTimes
_v13 December 1995, 39(2)
520 _aExplains the attractions of buying and selling a house through auctions, and how to go about doing it. Refers to the new guidelines for auctioneers issued by the RICS and the ISVA.
650 _aAUCTIONEER GUIDELINES
650 _aAuctioneering
_96218
650 _aBIDDING PROCEDURE
650 _aHOUSE SALES
690 _aAuctioneering
_96218
942 _n0
948 _c04/03/1997
999 _c31917
_d31917